000 00518nam a22001577a 4500
999 _c14920
_d14920
003 OSt
082 _2631.75807 TEJ/HY
088 _a364
100 _aVALLU TEJASWINI
_93536
245 _aHydrologic assessment of a small watershed to combat agricultural drought
260 _aTavanur 2017
_bDepartment of Land and Water Resources and Conservation Engineering
300 _a100
700 _aDr. Sathian K.K (Guide)
_93449
856 _uhttps://drive.google.com/open?id=1sidpmW4qMUvufie4NuWvxSx-6R0GAvQJ
942 _cTH